[Event "Politiken Cup 33rd"]
[Site "Helsingor"]
[Date "2011.08.02"]
[Round "5"]
[White "Pimenta, Antonio"]
[Black "Andersen, Dag"]
[Result "0-1"]
[WhiteElo "2006"]
[BlackElo "1885"]
[PlyCount "160"]
[EventDate "2011.07.30"]
[EventType "swiss"]
[EventRounds "10"]
[EventCountry "DEN"]
[SourceTitle "CBM 143 Extra"]
[Source "ChessBase"]
[SourceDate "2011.08.29"]
[SourceVersion "1"]
[SourceVersionDate "2011.08.29"]
[SourceQuality "1"]

1. Nc3 d5 2. e4 d4 3. Nce2 c5 4. Ng3 Nc6 5. Bc4 Nf6 6. d3 e6 7. f4 b5 8. Bb3 Na5 9. Nf3 Nxb3 10. axb3 Be7 11. 0-0 0-0 12. Bd2 a5 13. Ne5 Bb7 14. Qe1 b4 15. Qe2 Qc7 16. Nc4 Nd7 17. f5 e5 18. Nh5 f6 19. Qg4 Rf7 20. Bh6 Bf8 21. Rf3 Nb8 22. Rg3 Ra6 23. Qh4 Kh8 24. Bd2 Bc8 25. Rh3 h6 26. Qg4 g5 27. Ng3 Rh7 28. Qh5 Bd7 29. Qg4 Be8 30. Nh5 Nd7 31. Rf3 Bf7 32. Kh1 Bxc4 33. bxc4 a4 34. Rff1 Be7 35. Ng3 Qa7 36. Qh5 Nf8 37. Qe8 Qd7 38. Qh5 Bd8 39. h3 Qe7 40. Qd1 Qe8 41. Nh5 Rha7 42. g4 Qc6 43. Kg2 a3 44. bxa3 Rxa3 45. Rxa3 Rxa3 46. Be1 Qa4 47. Bg3 Ra2 48. Rf2 Nd7 49. h4 Ra1 50. Qe2 Rc1 51. hxg5 hxg5 52. Kf3 Qa1 53. Rh2 Kg8 54. Bf2 Qc3 55. Bg3 Kf8 56. Qd2 Qa1 57. Qe2 Qb2 58. Be1 b3 59. cxb3 Qxb3 60. Ng3 Qb1 61. Bf2 Rc3 62. Kg2 Rxd3 63. Rh1 Qb3 64. Rh8+ Ke7 65. Rh7+ Kd6 66. Nh5 Qxc4 67. Qb2 Rb3 68. Qa1 Qd3 69. Ng3 Ra3 70. Qb2 Nb6 71. Rb7 Nc4 72. Rd7+ Kxd7 73. Qb7+ Ke8 74. Qc6+ Kf8 75. Qxc5+ Kg7 76. Nh5+ Kh7 77. Ng3 Qf3+ 78. Kh3 Ne3 79. Bxe3 Qxe3 80. Qf8 Qxg3# 0-1

[Event "Lisbon op"]
[Site "Lisbon"]
[Date "2001.08.23"]
[Round "3"]
[White "Pimenta, Antonio"]
[Black "Fluvia Poyatos, Joan"]
[Result "1/2-1/2"]
[WhiteElo "2129"]
[BlackElo "2474"]
[PlyCount "171"]
[EventDate "2001.08.21"]
[EventType "swiss"]
[EventRounds "9"]
[EventCountry "POR"]
[SourceTitle "EXT 2002"]
[Source "ChessBase"]
[SourceDate "2001.11.25"]
[SourceVersion "1"]
[SourceVersionDate "2001.11.25"]
[SourceQuality "1"]

1. e4 e6 2. d4 d5 3. Nc3 Nf6 4. Bg5 Be7 5. e5 Nfd7 6. Bxe7 Qxe7 7. Qg4 0-0 8. Nf3 c5 9. Bd3 cxd4 10. Bxh7+ Kxh7 11. Qh5+ Kg8 12. Ng5 Qxg5 13. Qxg5 dxc3 14. bxc3 Nc6 15. f4 f6 16. Qg6 Nc5 17. 0-0 Bd7 18. Qh5 Ne4 19. c4 dxc4 20. Qe2 f5 21. Qxc4 Rac8 22. Rad1 Ne7 23. Qb4 Nd5 24. Rxd5 exd5 25. Qxb7 Be6 26. Qxa7 Rxc2 27. Qe7 Rc6 28. Rb1 d4 29. h3 Bd5 30. Qd7 Nc3 31. Rb7 Rg6 32. Rc7 Ne2+ 33. Kf1 Nxf4 34. Rc8 Bxg2+ 35. Ke1 Bxh3 36. Rxf8+ Kxf8 37. Qd8+ Kf7 38. Qd7+ Kg8 39. Qd8+ Kh7 40. Qh4+ Kg8 41. Qd8+ Kh7 42. Qh4+ Nh5 43. Qxh3 Rg5 44. a4 Kg6 45. Qd3 Rg4 46. Qa6+ Kg5 47. Qd6 Re4+ 48. Kd2 Nf4 49. Qe7+ Kg6 50. Qd6+ Kh5 51. a5 Re2+ 52. Kd1 d3 53. e6 Kg4 54. e7 Nh3 55. Qxd3 Rxe7 56. Qd4+ f4 57. a6 Kg3 58. a7 Nf2+ 59. Kc2 Re8 60. Qxg7+ Ng4 61. Qb7 f3 62. Qb8+ Rxb8 63. axb8Q+ Kg2 64. Qb7 Kg3 65. Qc7+ Kg2 66. Qc6 Kg3 67. Qd6+ Kg2 68. Qc6 Kg3 69. Kd2 Nh2 70. Qg6+ Kf2 71. Qb6+ Kg2 72. Ke1 Ng4 73. Qb7 Kg3 74. Qg7 Kf4 75. Qd4+ Kf5 76. Kf1 Kg5 77. Qe4 Kh4 78. Qf4 Kh5 79. Kg1 f2+ 80. Kg2 Kh4 81. Kf1 Kh3 82. Qf3+ Kh4 83. Kg2 f1Q+ 84. Qxf1 Ne3+ 85. Kf2 Nxf1 86. Kxf1 1/2-1/2

[Event "Metz op 19th"]
[Site "Metz"]
[Date "2001.04.09"]
[Round "3"]
[White "Froehlich, Peter"]
[Black "Pimenta, Antonio"]
[Result "1-0"]
[WhiteElo "2445"]
[BlackElo "2137"]
[PlyCount "75"]
[EventDate "2001.04.07"]
[EventType "swiss"]
[EventRounds "9"]
[EventCountry "FRA"]
[SourceTitle "CBM 081 Extra"]
[Source "ChessBase"]
[SourceDate "2001.05.06"]
[SourceVersion "1"]
[SourceVersionDate "2001.05.06"]
[SourceQuality "1"]

1. Nf3 Nf6 2. c4 c5 3. Nc3 Nc6 4. g3 d5 5. d4 e6 6. cxd5 Nxd5 7. Nxd5 Qxd5 8. Bg2 Nxd4 9. 0-0 Nxf3+ 10. Bxf3 Qxd1 11. Rxd1 f6 12. Be3 Rb8 13. Rac1 Bd7 14. Bxc5 Bxc5 15. Rxc5 Rc8 16. Ra5 Rc7 17. Rxa7 Ke7 18. Rd3 Rb8 19. Rb3 Bc8 20. Kg2 e5 21. Bd5 Kd6 22. e4 h6 23. Ra4 Bd7 24. Rab4 Bc8 25. Rb6+ Ke7 26. a4 Ra8 27. R3b4 Ra6 28. Rxa6 bxa6 29. Rb8 Kd6 30. b4 f5 31. b5 axb5 32. axb5 fxe4 33. b6 Rc3 34. Bxe4 Bd7 35. Ra8 Ke7 36. Rg8 Rb3 37. b7 Be6 38. b8Q 1-0

[Event "Luxembourg-chT 9900"]
[Site "Luxembourg"]
[Date "2000.01.23"]
[Round "5"]
[White "Jeitz, Olivier"]
[Black "Pimenta, Antonio"]
[Result "1/2-1/2"]
[WhiteElo "1924"]
[BlackElo "2039"]
[PlyCount "75"]
[EventDate "1999.10.24"]
[EventType "team"]
[EventRounds "10"]
[EventCountry "LUX"]
[SourceTitle "EXT 2005"]
[Source "ChessBase"]
[SourceDate "2004.11.15"]
[SourceVersion "1"]
[SourceVersionDate "2004.11.15"]
[SourceQuality "1"]

1. c4 Nf6 2. Nf3 c5 3. d4 d5 4. dxc5 e6 5. Nc3 Bxc5 6. cxd5 Nxd5 7. Nxd5 exd5 8. g3 0-0 9. Bg2 Nc6 10. Qc2 Bb4+ 11. Bd2 Qf6 12. Bxb4 Nxb4 13. Qb3 Nc6 14. 0-0 Bf5 15. Qxd5 Rfd8 16. Qb3 Be4 17. a3 Bd5 18. Qc3 Qe7 19. e3 Rac8 20. Rac1 Qe8 21. Qe1 h6 22. Qe2 Qe6 23. Rfd1 Qf6 24. Ne1 Bxg2 25. Rxd8+ Rxd8 26. Kxg2 Qe5 27. Qc2 Qd5+ 28. Kg1 Ne5 29. e4 Qd4 30. Kg2 g5 31. Nf3 Nxf3 32. Kxf3 Qf6+ 33. Kg2 Qd4 34. Qc4 Qxb2 35. Qc7 Re8 36. Rc2 Qxa3 37. Qxb7 Qd3 38. Rc7 1/2-1/2

[Event "Luxembourg-chT 9899"]
[Site "Luxembourg"]
[Date "1999.03.28"]
[Round "10"]
[White "Pimenta, Antonio"]
[Black "Becker, Wilhelm"]
[Result "0-1"]
[WhiteElo "2050"]
[BlackElo "1975"]
[PlyCount "118"]
[EventDate "1998.10.08"]
[EventType "team"]
[EventRounds "10"]
[EventCountry "LUX"]
[SourceTitle "EXT 2005"]
[Source "ChessBase"]
[SourceDate "2004.11.15"]
[SourceVersion "1"]
[SourceVersionDate "2004.11.15"]
[SourceQuality "1"]

1. e4 e6 2. d4 d5 3. Nc3 dxe4 4. Nxe4 Nd7 5. Nf3 Ngf6 6. Nxf6+ Nxf6 7. Bg5 h6 8. Bh4 c5 9. Bb5+ Bd7 10. Bxd7+ Qxd7 11. c3 cxd4 12. Qxd4 Qxd4 13. Nxd4 0-0-0 14. 0-0-0 g5 15. Bg3 Ne4 16. f3 Nxg3 17. hxg3 a6 18. g4 Bg7 19. Kc2 Rd7 20. Ne2 Be5 21. Rxd7 Kxd7 22. b3 Ke7 23. a4 f5 24. gxf5 exf5 25. c4 h5 26. Nc3 Bxc3 27. Kxc3 h4 28. Kd4 Kf6 29. Kc5 Ke5 30. Re1+ Kf4 31. Kb6 Rh7 32. b4 Kg3 33. Re2 f4 34. b5 axb5 35. axb5 h3 36. gxh3 Kxf3 37. Re5 Rg7 38. c5 Kg3 39. c6 bxc6 40. bxc6 Kxh3 41. c7 Rxc7 42. Kxc7 g4 43. Kd6 f3 44. Rf5 Kg2 45. Ke5 f2 46. Kf4 f1Q+ 47. Kxg4 Qc4+ 48. Kg5 Kg3 49. Rf6 Qd5+ 50. Kg6 Kg4 51. Kg7 Qd8 52. Rf8 Qe7+ 53. Rf7 Qe5+ 54. Kf8 Kh5 55. Rf1 Qc5+ 56. Kg7 Qd4+ 57. Kh7 Qe4+ 58. Kg7 Qe8 59. Rf6 Qe5 0-1

[Event "Luxembourg-chT 9899"]
[Site "Luxembourg"]
[Date "1998.12.13"]
[Round "5"]
[White "Pimenta, Antonio"]
[Black "Blaeser, Pierre"]
[Result "1/2-1/2"]
[WhiteElo "2050"]
[BlackElo "2235"]
[PlyCount "127"]
[EventDate "1998.10.08"]
[EventType "team"]
[EventRounds "10"]
[EventCountry "LUX"]
[SourceTitle "EXT 2005"]
[Source "ChessBase"]
[SourceDate "2004.11.15"]
[SourceVersion "1"]
[SourceVersionDate "2004.11.15"]
[SourceQuality "1"]

1. e4 Nc6 2. Nf3 e5 3. d4 exd4 4. Bc4 Be7 5. c3 Nf6 6. e5 Ne4 7. 0-0 d5 8. exd6 Nxd6 9. Bd5 0-0 10. Bxc6 bxc6 11. Nxd4 Bb7 12. Bf4 c5 13. Nb3 Qe8 14. N1d2 Qc6 15. Nf3 a5 16. Re1 Rfe8 17. Qc2 a4 18. Nbd2 a3 19. b3 Bf6 20. Rxe8+ Rxe8 21. Bxd6 Qxd6 22. Rd1 Rd8 23. Re1 Qf4 24. Qc1 Bxf3 25. Nxf3 Qxc1 26. Rxc1 Bxc3 27. g3 Rd3 28. Ne1 Bxe1 29. Rxe1 Kf8 30. Re2 Rc3 31. Kg2 f6 32. h4 Kf7 33. Kh3 f5 34. Kg2 Kf6 35. Kf1 f4 36. gxf4 Kf5 37. Ke1 c4 38. bxc4 Rxc4 39. Re3 Re4 40. Kd2 Rxf4 41. Rxa3 Rxf2+ 42. Ke3 Rh2 43. Ra5+ Ke6 44. h5 Kd6 45. Rg5 c5 46. Rxg7 Rxh5 47. a4 Kd5 48. a5 Rh3+ 49. Kd2 Ra3 50. Rxh7 Rxa5 51. Rh5+ Kc4 52. Rh3 Ra2+ 53. Kc1 Re2 54. Kd1 Rg2 55. Kc1 Kb4 56. Rf3 Rg4 57. Rh3 c4 58. Kc2 Rg2+ 59. Kc1 Re2 60. Kb1 Rd2 61. Kc1 Ra2 62. Kb1 Rg2 63. Kc1 c3 64. Rh8 1/2-1/2

[Event "Luxembourg-chT 9899"]
[Site "Luxembourg"]
[Date "1998.11.08"]
[Round "3"]
[White "Pimenta, Antonio"]
[Black "Kaber, Claude"]
[Result "0-1"]
[WhiteElo "2050"]
[BlackElo "2140"]
[PlyCount "58"]
[EventDate "1998.10.08"]
[EventType "team"]
[EventRounds "10"]
[EventCountry "LUX"]
[SourceTitle "EXT 2005"]
[Source "ChessBase"]
[SourceDate "2004.11.15"]
[SourceVersion "1"]
[SourceVersionDate "2004.11.15"]
[SourceQuality "1"]

1. e4 c5 2. Nf3 Nc6 3. c4 e5 4. Nc3 d6 5. d3 f5 6. Be2 f4 7. g3 g5 8. Bd2 g4 9. Nh4 f3 10. Nxf3 gxf3 11. Bxf3 Be6 12. Bh5+ Kd7 13. f4 exf4 14. Bxf4 Nf6 15. Nd5 Nxh5 16. Qxh5 Bg7 17. Bg5 Qe8 18. Qxe8+ Rhxe8 19. 0-0-0 Bxd5 20. cxd5 Nd4 21. Rhf1 Rf8 22. Be3 Rxf1 23. Rxf1 Ke7 24. Bg5+ Ke8 25. Kd2 Rc8 26. b3 Rc7 27. h3 Rf7 28. Rxf7 Kxf7 29. g4 Nf3+ 0-1

[Event "Luxembourg-chT 9899"]
[Site "Luxembourg"]
[Date "1998.10.18"]
[Round "1"]
[White "Mossong, Hubert"]
[Black "Pimenta, Antonio"]
[Result "1/2-1/2"]
[WhiteElo "2195"]
[BlackElo "2050"]
[PlyCount "132"]
[EventDate "1998.10.08"]
[EventType "team"]
[EventRounds "10"]
[EventCountry "LUX"]
[SourceTitle "EXT 2005"]
[Source "ChessBase"]
[SourceDate "2004.11.15"]
[SourceVersion "1"]
[SourceVersionDate "2004.11.15"]
[SourceQuality "1"]

1. e4 e5 2. Nf3 Nc6 3. d4 exd4 4. Nxd4 Qf6 5. Be3 Bc5 6. c3 Qg6 7. Nd2 Nge7 8. g3 d5 9. Bg2 Bxd4 10. Bxd4 Nxd4 11. Qa4+ Ndc6 12. exd5 Bd7 13. dxc6 Bxc6 14. Bxc6+ Qxc6 15. Qxc6+ Nxc6 16. 0-0-0 0-0-0 17. Nf3 f6 18. Rhe1 Rhe8 19. Rxd8+ Kxd8 20. Rd1+ Kc8 21. Rd2 Re7 22. Kc2 a6 23. h3 Rd7 24. Re2 Kd8 25. Re4 Rd5 26. g4 Rd7 27. Ne1 Re7 28. Rxe7 Kxe7 29. Kd3 Ke6 30. Ke4 g6 31. Nd3 b6 32. b3 a5 33. Nf4+ Kd6 34. Ne2 Ne7 35. Nd4 c6 36. Ne2 f5+ 37. Kd4 fxg4 38. hxg4 h5 39. gxh5 gxh5 40. Ke4 c5 41. c4 Nc6 42. Ng3 a4 43. bxa4 Ne5 44. Nf5+ Ke6 45. Ng7+ Kd6 46. Nf5+ Ke6 47. Ng7+ Kd6 48. Nxh5 Nxc4 49. Nf4 Nb2 50. a5 bxa5 51. Ne2 Nd1 52. f3 Nf2+ 53. Ke3 Nd1+ 54. Kd3 Nb2+ 55. Kc3 Na4+ 56. Kc4 Kc6 57. Nc3 Nb6+ 58. Kd3 Nd7 59. Ke4 Nf6+ 60. Ke5 Nd7+ 61. Ke6 c4 62. f4 Nc5+ 63. Ke5 Nd3+ 64. Ke4 Nc5+ 65. Kd4 Ne6+ 66. Ke5 Nf8 1/2-1/2

[Event "Metz op 16th"]
[Site "Metz"]
[Date "1998.04.07"]
[Round "3"]
[White "Carrasco, Patrick"]
[Black "Pimenta, Antonio"]
[Result "1/2-1/2"]
[WhiteElo "2155"]
[BlackElo "2145"]
[PlyCount "59"]
[EventDate "1998.04.06"]
[EventType "swiss"]
[EventRounds "9"]
[EventCountry "FRA"]
[SourceTitle "EXT 1999"]
[Source "ChessBase"]
[SourceDate "1998.11.16"]
[SourceVersion "1"]
[SourceVersionDate "1998.11.16"]
[SourceQuality "1"]

1. e4 e5 2. Nf3 Nc6 3. Bb5 a6 4. Ba4 Nf6 5. 0-0 Nxe4 6. d4 b5 7. Bb3 d5 8. dxe5 Be6 9. Qe2 Be7 10. Rd1 0-0 11. c4 bxc4 12. Bxc4 Bc5 13. Be3 Bxe3 14. Qxe3 Qb8 15. Bb3 Na5 16. Nbd2 Qa7 17. Nxe4 Qxe3 18. Nf6+ gxf6 19. fxe3 Nxb3 20. axb3 fxe5 21. Nxe5 Rfb8 22. Rd3 c5 23. Rc1 c4 24. bxc4 dxc4 25. Rd2 Rb3 26. Nxc4 Rc8 27. Rdc2 Rxc4 28. Rxc4 Bxc4 29. Rxc4 Rxe3 30. b4 1/2-1/2

[Event "Metz op 16th"]
[Site "Metz"]
[Date "1998.04.07"]
[Round "2"]
[White "Pimenta, Antonio"]
[Black "Shchekachev, Andrei"]
[Result "1/2-1/2"]
[WhiteElo "2145"]
[BlackElo "2565"]
[PlyCount "84"]
[EventDate "1998.04.06"]
[EventType "swiss"]
[EventRounds "9"]
[EventCountry "FRA"]
[SourceTitle "EXT 1999"]
[Source "ChessBase"]
[SourceDate "1998.11.16"]
[SourceVersion "1"]
[SourceVersionDate "1998.11.16"]
[SourceQuality "1"]

1. e4 d6 2. d4 g6 3. Nc3 Bg7 4. Nf3 a6 5. a4 b6 6. Be3 Bb7 7. Be2 e6 8. 0-0 Nd7 9. Qd2 h6 10. h3 Ne7 11. Bf4 Nf6 12. Bd3 g5 13. Be3 d5 14. exd5 Nexd5 15. Nxd5 Nxd5 16. c3 Qd6 17. Qe2 0-0 18. Rfe1 c5 19. dxc5 bxc5 20. Bd2 Rad8 21. Rad1 Qc6 22. Bc2 Rfe8 23. Qe4 f5 24. Qe2 Nf6 25. Qf1 Ne4 26. Bc1 Qc7 27. Rxd8 Rxd8 28. Rd1 Rxd1 29. Bxd1 c4 30. Nd2 Nd6 31. Bf3 Bxf3 32. Nxf3 Qc6 33. Qd1 e5 34. Be3 Kf7 35. b4 Ne4 36. Qc2 f4 37. Bc5 Nxc5 38. bxc5 Qxc5 39. Qf5+ Kg8 40. Qe6+ Kh7 41. Qf5+ Kh8 42. Qe6 a5 1/2-1/2

[Event "Luxembourg-chT 9798"]
[Site "Luxembourg"]
[Date "1998.01.25"]
[Round "6"]
[White "Pimenta, Antonio"]
[Black "Maschler, Andreas"]
[Result "1-0"]
[WhiteElo "2060"]
[BlackElo "1940"]
[PlyCount "111"]
[EventDate "1997.10.??"]
[EventType "team"]
[EventRounds "10"]
[EventCountry "LUX"]
[SourceTitle "EXT 2005"]
[Source "ChessBase"]
[SourceDate "2004.11.15"]
[SourceVersion "1"]
[SourceVersionDate "2004.11.15"]
[SourceQuality "1"]

1. e4 c5 2. Nf3 d6 3. d4 cxd4 4. Nxd4 Nf6 5. f3 g6 6. c4 Bg7 7. Be3 0-0 8. Nc3 Nc6 9. Be2 Bd7 10. 0-0 Rc8 11. Qd2 a6 12. Rac1 Nxd4 13. Bxd4 Bc6 14. Nd5 Bxd5 15. cxd5 Qd7 16. b3 Rxc1 17. Rxc1 Rc8 18. Be3 Qd8 19. Kf1 Nd7 20. b4 h5 21. Rc2 Kh7 22. Qc1 Rxc2 23. Qxc2 Bh6 24. Bf2 Bg7 25. a4 a5 26. Qc4 axb4 27. Qxb4 Qc7 28. Be3 Qc3 29. Qxc3 Bxc3 30. Bb5 Nc5 31. Ke2 b6 32. g4 hxg4 33. fxg4 Bf6 34. Bxc5 dxc5 35. Kd3 Be5 36. h4 Bg3 37. h5 gxh5 38. gxh5 Kh6 39. Be8 Kxh5 40. Bxf7+ Kg5 41. Kc4 Kf6 42. Bg8 Be1 43. Kb5 Ba5 44. Kc6 c4 45. d6 exd6 46. Bxc4 Ke5 47. Bd5 Be1 48. Kxb6 Kf6 49. a5 Ke7 50. a6 Bf2+ 51. Kb7 Kd7 52. a7 Bxa7 53. Kxa7 Kc7 54. Ka6 Kc8 55. Kb6 Kd7 56. Kb7 1-0

[Event "Metz op 15th"]
[Site "Metz"]
[Date "1997.??.??"]
[Round "7"]
[White "Pimenta, Antonio"]
[Black "Stephanus, Joseph"]
[Result "1-0"]
[WhiteElo "2155"]
[BlackElo "1900"]
[PlyCount "47"]
[EventDate "1997.04.??"]
[EventType "swiss"]
[EventRounds "9"]
[EventCountry "FRA"]
[SourceTitle "EXT 1999"]
[Source "ChessBase"]
[SourceDate "1998.11.16"]
[SourceVersion "1"]
[SourceVersionDate "1998.11.16"]
[SourceQuality "1"]

1. e4 c6 2. d4 d5 3. Nc3 dxe4 4. Nxe4 Nd7 5. Nf3 Ngf6 6. Nxf6+ Nxf6 7. c3 e6 8. Bd3 Qc7 9. 0-0 Be7 10. Bg5 0-0 11. Qc2 h6 12. Bh4 b6 13. Rfe1 Bb7 14. Ne5 Rfd8 15. Rad1 c5 16. dxc5 Qxc5 17. Bxf6 Bxf6 18. Bh7+ Kf8 19. Nd7+ Rxd7 20. Rxd7 Qc6 21. Rxb7 Qxb7 22. Be4 Qb8 23. Bxa8 Qxa8 24. Rd1 1-0

[Event "Le Touquet op 11th"]
[Site "Le Touquet"]
[Date "1996.??.??"]
[Round "?"]
[White "Pimenta, Antonio"]
[Black "Roeder, Mathias"]
[Result "0-1"]
[WhiteElo "2170"]
[BlackElo "2445"]
[PlyCount "78"]
[EventDate "1996.10.??"]
[EventType "swiss"]
[EventRounds "9"]
[EventCountry "FRA"]
[SourceTitle "EXT 1999"]
[Source "ChessBase"]
[SourceDate "1998.11.16"]
[SourceVersion "1"]
[SourceVersionDate "1998.11.16"]
[SourceQuality "1"]

1. e4 c5 2. Nf3 d6 3. d4 cxd4 4. Nxd4 Nf6 5. f3 e6 6. c4 Be7 7. Nc3 0-0 8. Be3 b6 9. Qd2 Bb7 10. Be2 a6 11. 0-0 Nbd7 12. Rfd1 Rc8 13. Rac1 Re8 14. Bf1 Qc7 15. b3 Qb8 16. Qf2 Bd8 17. Qd2 Bc7 18. g3 Bd8 19. Qf2 h6 20. Bg2 Qa8 21. Qd2 Be7 22. Qf2 Bf8 23. Qd2 Ne5 24. Nde2 b5 25. cxb5 d5 26. bxa6 Bxa6 27. Kh1 Nd3 28. Ra1 dxe4 29. fxe4 Ng4 30. Nf4 Nxe3 31. Nxd3 Nxd1 32. Rxd1 Red8 33. Bf1 Bxd3 34. Bxd3 Bb4 35. Rc1 Qa5 36. e5 Bxc3 37. Qc2 Rxd3 38. Qxd3 Qa8+ 39. Kg1 Bd4+ 0-1

[Event "Le Touquet op 11th"]
[Site "Le Touquet"]
[Date "1996.??.??"]
[Round "?"]
[White "Vlassov, Nikolai"]
[Black "Pimenta, Antonio"]
[Result "1-0"]
[WhiteElo "2380"]
[BlackElo "2170"]
[PlyCount "63"]
[EventDate "1996.10.??"]
[EventType "swiss"]
[EventRounds "9"]
[EventCountry "FRA"]
[SourceTitle "EXT 1999"]
[Source "ChessBase"]
[SourceDate "1998.11.16"]
[SourceVersion "1"]
[SourceVersionDate "1998.11.16"]
[SourceQuality "1"]

1. e4 e5 2. Bc4 Nc6 3. d3 Bc5 4. f4 Bxg1 5. Rxg1 Qh4+ 6. g3 Qxh2 7. Be3 Nd4 8. Nd2 d6 9. Bxd4 exd4 10. Nf3 Qh5 11. Nxd4 Qxd1+ 12. Rxd1 c6 13. g4 Ne7 14. Rd2 Bd7 15. Rh2 d5 16. exd5 Nxd5 17. Bxd5 cxd5 18. Rgh1 Bxg4 19. Rxh7 Rxh7 20. Rxh7 0-0-0 21. Rxg7 f5 22. Kd2 Rd7 23. Rg8+ Rd8 24. Rxd8+ Kxd8 25. Kc3 a6 26. Ne6+ Kd7 27. Nc5+ Kc6 28. Kd4 a5 29. Nb3 b6 30. Ke5 Bd1 31. Kxf5 Kd6 32. Nd4 1-0

[Event "Metz op 13th"]
[Site "Metz"]
[Date "1995.??.??"]
[Round "4"]
[White "Pimenta, Antonio"]
[Black "Martinovic, Slobodan"]
[Result "0-1"]
[WhiteElo "2175"]
[BlackElo "2450"]
[PlyCount "116"]
[EventDate "1995.05.??"]
[EventType "swiss"]
[EventRounds "9"]
[EventCountry "FRA"]
[SourceTitle "EXT 2001"]
[Source "ChessBase"]
[SourceDate "2000.11.22"]
[SourceVersion "1"]
[SourceVersionDate "2000.11.22"]
[SourceQuality "1"]

1. e4 c5 2. Nf3 e6 3. c3 Nf6 4. e5 Nd5 5. d4 cxd4 6. cxd4 d6 7. a3 Bd7 8. Bd3 Bc6 9. 0-0 Nd7 10. Nbd2 dxe5 11. Nxe5 Nxe5 12. dxe5 Ne3 13. fxe3 Qxd3 14. Nf3 Qe4 15. Qe2 Bc5 16. Bd2 0-0 17. Rac1 Bb6 18. Rfe1 Rfd8 19. Bc3 a6 20. Bd4 Bc7 21. Qc2 Qg4 22. h3 Qh5 23. Qf2 Rac8 24. Rf1 Bb5 25. Rfe1 Bb8 26. Qg3 h6 27. Qg4 Qxg4 28. hxg4 Rc6 29. Rxc6 Bxc6 30. Kf2 Rd5 31. Rc1 Kh7 32. b4 a5 33. Rc5 axb4 34. Rxd5 Bxd5 35. axb4 Kg6 36. b5 Bc7 37. b6 Bd8 38. Bc5 Kh7 39. Bd4 Be7 40. Ke2 Be4 41. Kf2 Bb4 42. Ke2 g5 43. Ne1 Kg6 44. g3 h5 45. gxh5+ Kxh5 46. Kf2 Kg4 47. Bb2 Bf8 48. Bd4 Bg7 49. Bc3 Kf5 50. Nf3 Bxf3 51. Kxf3 g4+ 52. Kf2 Bxe5 53. Bb4 Ke4 54. Be7 Kd3 55. Bd8 f5 56. Bc7 Bc3 57. Bd8 Bb4 58. Bc7 Bc5 0-1

[Event "Geneve op"]
[Site "Geneve"]
[Date "1994.??.??"]
[Round "7"]
[White "Pimenta, Antonio"]
[Black "Gerencer, Jozef"]
[Result "1/2-1/2"]
[WhiteElo "2220"]
[BlackElo "2225"]
[PlyCount "56"]
[EventDate "1994.01.??"]
[EventType "swiss"]
[EventRounds "9"]
[EventCountry "SUI"]
[SourceTitle "TD"]
[Source "ChessBase"]
[SourceDate "1994.03.01"]
[SourceVersion "1"]
[SourceVersionDate "1994.03.01"]
[SourceQuality "1"]

1. e4 d5 2. exd5 Qxd5 3. Qf3 c6 4. Nc3 Qxf3 5. Nxf3 Bf5 6. d3 Nf6 7. h3 h5 8. Bf4 Nbd7 9. 0-0-0 e6 10. a3 Be7 11. d4 Nd5 12. Nxd5 cxd5 13. Bd3 Bxd3 14. Rxd3 0-0 15. g4 hxg4 16. hxg4 f6 17. Bg3 Kf7 18. Kb1 Rac8 19. Re3 Rc6 20. Re2 Nb6 21. Rhe1 Nc4 22. Nd2 Nxd2+ 23. Rxd2 Rb6 24. Rd3 Bd6 25. Bxd6 Rxd6 26. Rc3 Rd7 27. Rce3 Rd6 28. Rc3 Rd7 1/2-1/2

[Event "Antwerp op"]
[Site "Antwerp"]
[Date "1994.??.??"]
[Round "1"]
[White "Smirin, Ilia"]
[Black "Pimenta, Antonio"]
[Result "1-0"]
[WhiteElo "2615"]
[BlackElo "2185"]
[PlyCount "55"]
[EventDate "1994.08.??"]
[EventType "swiss"]
[EventRounds "9"]
[EventCountry "BEL"]
[SourceTitle "EXT 1998"]
[Source "ChessBase"]
[SourceDate "1997.11.17"]
[SourceVersion "1"]
[SourceVersionDate "1997.11.17"]
[SourceQuality "1"]

1. e4 e5 2. Nf3 Nc6 3. Bb5 Nf6 4. 0-0 Nxe4 5. d4 a6 6. Ba4 b5 7. Bb3 d5 8. dxe5 Be6 9. Nbd2 Nc5 10. c3 d4 11. cxd4 Nxd4 12. Nxd4 Qxd4 13. Bxe6 Nxe6 14. Qf3 Rd8 15. Qc6+ Qd7 16. Qxa6 Qd5 17. Qa5 Ra8 18. Qc3 Bc5 19. Nb3 Bd4 20. Nxd4 Nxd4 21. Qxc7 0-0 22. Be3 Rfc8 23. Qd6 Qxd6 24. exd6 Nc2 25. Rac1 Nxe3 26. Rxc8+ Rxc8 27. fxe3 Rd8 28. Rd1 1-0